海南省县级市 - Statistics

General Stats
  • This quiz has been taken 18 times
  • The average score is 4 of 5
Answers on the Map
Answers color-coded by a green-red scale on the quiz's map according to % correct below.
 
Answer Stats
Answer % Correct
东方市
100%
琼海市
93%
五指山市
87%
文昌市
87%
万宁市
80%
No matching quizzes found
Score Distribution
Percent of People with Each Score
Percentile by Number Answered
Your Score History
You have not taken this quiz